| 000 | 00522nam a2200145 4500 | ||
|---|---|---|---|
| 999 |
_c7687 _d7687 |
||
| 008 | 171109b xxu||||| |||| 00| 0 eng d | ||
| 022 | _a01181831 | ||
| 082 | _aDPer 613.05 H34 Jul-Nov 2013 | ||
| 100 |
_923143 _aSto.Domingo, Bernardette. |
||
| 245 |
_aPainless beauty: _bwhy cruelty-free products matter in the cosmetics/ _cBernardette Sto.Domingo. |
||
| 260 |
_aPhilippines: _bMIMS Pte Ltd KDN, _c©2013. |
||
| 300 |
_apages 66-67: _billustrations; _c28 cm. |
||
| 650 | 0 |
_923147 _aCosmetics _xIndustry. |
|
| 942 |
_2ddc _cPER |
||